000 00317nam a2200145Ia 4500
008 191201s2008 xx 000 0 und d
082 _a331.1
_bMOI
100 _aMONAPPA, A
245 0 _aIndustrial Relations
250 _aRep.
260 _aN.Delhi
_bTMH
_c2008
300 _a388
650 _aMBA
942 _2ddc
_cBK
999 _c4061
_d4061